|
|
|
|
| LEADER |
00857nam a2200229 a 4500 |
| 001 |
597 |
| 008 |
130609s1972 ii a b 000 0 eng d |
| 010 |
|
|
|a 73903430
|
| 040 |
|
|
|a DLC
|c DLC
|d DLC
|d BD-DhAAL
|
| 082 |
0 |
0 |
|a 641.1/0954
|
| 100 |
1 |
|
|a Das, Ram,
|d 1913-
|
| 245 |
1 |
0 |
|a Planning India's food and nutrition.
|
| 250 |
|
|
|a 1st ed.
|
| 260 |
|
|
|a Lucknow :
|b Lucknow Pub. House and Indian Society for Promoting Christian Knowledge, Delhi,
|c c1972.
|
| 300 |
|
|
|a xiv, 174 p. :
|b illus. ;
|c 22 cm.
|
| 504 |
|
|
|a Includes bibliography ( p. 173-174).
|
| 541 |
|
|
|e 597
|
| 650 |
|
0 |
|a Nutrition policy
|z India.
|
| 650 |
|
0 |
|a Food supply
|z India.
|
| 852 |
1 |
|
|a Ayesha Abed Library
|j General shelf.
|
| 999 |
|
|
|c 13547
|d 13547
|
| 952 |
|
|
|0 0
|1 0
|2 ddc
|4 0
|6 641_109540000000000_DAS
|7 0
|9 22643
|a BRACUL
|b BRACUL
|c GEN
|d 2013-06-09
|g 169.00
|l 0
|o 641.10954 DAS
|p 3010000597
|r 2013-06-09
|t 1
|w 2013-06-09
|y BK
|